000 00902cam a22002771 4500
001 31697
003 BD-RjUL
005 20211209051734.0
008 140421s1909 enk b 000 0 eng
035 _a(BD-RjUL)31785
035 _a(OCoLC)2061447
040 _aDLC
_cNRU
_dOCoLC
_dDLC
_dBD-RjUL
_beng
041 1 _aengfre
082 0 4 _219
_a215
_bBOS 1909
100 1 _aBoutroux, Emile,
_d1845-1921.
_996457
245 1 0 _aScience & religion in contemporary philosophy /
_cby Émile Boutroux ... translated by Jonathan Nield.
260 _aLondon :
_bDuckworth and co.,
_c1909.
300 _axi, 400 p. ;
_c23 cm.
650 0 _aReligion and science.
_996458
650 0 _aPhilosophy, Modern.
_996459
700 1 _aNield, Jonathan,
_d1863-
_etr.
_996460
942 _2ddc
_cBK
999 _c31697
_d31697